000 00513nam a2200193Ia 4500
005 20250923144630.0
008 008 250917s9999 xx 000 0 eng d
037 _aTextual
040 _aDSWL
_beng
_cDSWL
041 _aeng
_2eng
084 _aY1:1.43, J8
_qDSWL
245 0 _aTraditional culture in South-East Asia
260 _aNew Delhi
_b Orient Longmans
_c1958
300 _ax,270p.
365 _aINR
_b7.50
925 _g7.50
942 _cTEXL
_hY1:1.43, J8
999 _c1441416
_d1441416